Представление документа в формате RUSMARC

ПолеНазваниеЗначение
  Тип записи a
  Библиографический уровень a
001 Контрольный номер RU/CBS_UL/BASE/62f778de19204ed5b665d9087a297db9
005 Дата корректировки 20260220120238.9
100 Данные общей обработки __
a Данные общей обработки 20260220 ||| 0rusy0189 ca
101 Язык документа 0_
a Язык текста rus
102 Страна публикации __
a Страна публикации RU
200 Заглавие и сведения об ответственности 1_
a Заглавие Россия и Грузия - страницы истории
e Сведения, относящиеся к заглавию [в январе 1801 года Грузия вошла в состав Российской империи]
f Первые сведения об ответственности В. Хомерики
461 Уровень набора _0
1 2000
a Честь Отечества
463 Уровень физической единицы _0
1 2000
a № 1-2
v С. 35-37 : фото
1 2101
d 2026
1 001RU/CBS_UL/BASE/84d1925e5ac146458e290c11b6276ba6
606 Тематические рубрики 0_
a Основная рубрика Грузия - История
y Географическая подрубрика Грузия
z Хронологическая подрубрика 1801 г.
610 Ключевые слова 0_
a Ключевые слова российско-грузинские отношения
610 Ключевые слова 0_
a Ключевые слова российско-грузинская дружба
610 Ключевые слова 0_
a Ключевые слова присоединение Грузии к Российской империи
610 Ключевые слова 0_
a Ключевые слова грузинские цари
610 Ключевые слова 0_
a Ключевые слова цари грузинские
686 Индексы других классификаций __
2 Код системы rubbk
a Классификационный индекс 63.3(5Гру)
700 Автор _1
a Фамилия Хомерики
b Имя (инициалы) В.
801 Источник записи _0
a Страна RU
b Организация МБУК ЦБС г. Ульяновска
c Дата составления 20260220
g Правила каталогизации RCR
801 Источник записи _1
a Страна RU
b Организация МБУК ЦБС г. Ульяновска
c Дата составления 20260220
g Правила каталогизации RCR
901 Тип документа __
t Тип документа b
w Контрольный № источника RU/CBS_UL/BASE/84d1925e5ac146458e290c11b6276ba6
909 Создатель записи __
a Создатель записи lib2